000 00759aam a2200289 i 4500
001 768714001
003 CO-MdFUSB
005 20250507113940.0
007 ta
008 250507t1991 sp |||| |||| 00| 0 spa d
020 _a0-311-46269-3
040 _cCO-MdFUSB
041 0 _aspa
082 0 4 _223
_a241.5
_bS6421c
100 1 _aSmith, Josie H. de
_eautor
245 1 0 _aCuando el embarazo es un problema
_c/ Josie H. Smith
264 1 _bMundo Hispano,
_aEl Paso, TX., USA :
_c[1991]
264 4 _c©1991
300 _a112 páginas
336 _atexto
_btxt
_2rdacontent
337 _2rdamedia
_asin mediación
_bn
338 _2rdacarrier
_avolumen
_bnc
563 _aRústico
653 _aEmbarazo no deseado
942 _cBK
945 _aJTF-925
999 _c35406
_d35406